Documento Quintanilla : (Record no. 190632)
[ view plain ]
| 000 -LEADER | |
|---|---|
| campo de control de longitud fija | 01456nam a2200313 i 4500 |
| 001 - NÚMERO DE CONTROL | |
| campo de control | 190632 |
| 003 - IDENTIFICADOR DE NÚMERO DE CONTROL | |
| campo de control | ES-MaACL |
| 005 - FECHA Y HORA DE LA ÚLTIMA TRANSACCIÓN | |
| campo de control | 20240612114054.0 |
| 008 - DATOS DE LONGITUD FIJA--INFORMACIÓN GENERAL | |
| campo de control de longitud fija | 220225s2017 mx a 001 0 spa d |
| 020 ## - NÚMERO INTERNACIONAL ESTÁNDAR DEL LIBRO | |
| Número Internacional Estándar del Libro | 978-607-97852-1-5 |
| 080 ## - NÚMERO DE LA CLASIFICACIÓN DECIMAL UNIVERSAL | |
| Número de la Clasificación Decimal Universal | 929-054.7(=1.460:72)"19" |
| 100 1# - ENTRADA PRINCIPAL--NOMBRE DE PERSONA | |
| Nombre de persona | González Quintanilla, Patricio. |
| 9 (RLIN) | 174218 |
| 245 10 - MENCIÓN DEL TÍTULO | |
| Título | Documento Quintanilla : |
| Resto del título | memoria de las actividades desarrolladas por la Delegación de Veracruz : Comité Técnico de Ayuda a los Refugiados Españoles / |
| Mención de responsabilidad, etc. | Patricio G. Quintanilla ; [presentación, Jorge de Hoyos]. |
| 250 ## - MENCION DE EDICION | |
| Mención de edición | Ed. facsimilar. |
| 250 ## - MENCION DE EDICION | |
| Mención de edición | 1ª ed. |
| 260 ## - PUBLICACIÓN, DISTRIBUCIÓN, ETC. | |
| Lugar de publicación, distribución, etc. | Ciudad de México : |
| Nombre del editor, distribuidor, etc. | Ateneo Español de México, |
| Fecha de publicación, distribución, etc. | 2017. |
| 300 ## - DESCRIPCIÓN FÍSICA | |
| Extensión | [32] p. : |
| Otras características físicas | il. ; |
| Dimensiones | 24 cm + |
| Material acompañante/anejo | 1 CD interactivo. |
| 490 1# - MENCIÓN DE SERIE | |
| Mención de serie | Recordar el olvido |
| 505 8# - NOTA DE CONTENIDO CON FORMATO | |
| Nota de contenido con formato | Contiene: Transcripciones: Índice general del documento; Informe previo; Informe e índice general de la memoria; Carta dirigida al Sr. D. José Puche |
| 650 #4 - PUNTO DE ACCESO ADICIONAL DE MATERIA--TÉRMINO DE MATERIA | |
| Término de materia o nombre geográfico como elemento de entrada | Exiliados españoles- |
| Subdivisión geográfica | México. |
| 9 (RLIN) | 12674 |
| 700 1# - ENTRADA AGREGADA--NOMBRE PERSONAL | |
| Nombre de persona | Hoyos Puente, Jorge de. |
| 9 (RLIN) | 151615 |
| 710 2# - ENTRADA AGREGADA--NOMBRE DE ENTIDAD CORPORATIVA | |
| Nombre de entidad corporativa o nombre de jurisdicción como elemento de entrada | Comité Técnico de Ayuda a los Republicanos Españoles. |
| 9 (RLIN) | 174219 |
| 710 2# - ENTRADA AGREGADA--NOMBRE DE ENTIDAD CORPORATIVA | |
| Nombre de entidad corporativa o nombre de jurisdicción como elemento de entrada | Ateneo Español de México. |
| 9 (RLIN) | 2039 |
| 830 1# - PUNTO DE ACCESO ADICIONAL DE SERIE-TÍTULO UNIFORME | |
| Título uniforme | Recordar el olvido |
| 9 (RLIN) | 193487 |
| 852 4# - LOCALIZACIÓN | |
| Ubicación | ES-MaACL |
| Número de control de estantería | A-14895 |
| itemnumber | 197811 |
| Sublocalización o colección | R.152443 |
| Ubicación en estantería | Depósito 1 |
| Signatura antigua | Olim: N-7895 |
| Donativo/Legado | Donación: Editorial |
| 852 4# - LOCALIZACIÓN | |
| Ubicación | ES-MaACL |
| Número de control de estantería | ROT 6/2/32 |
| Ubicación en estantería | Rotativo |
| Donativo/Legado | Donación: Editorial |
| itemnumber | 203350 |
| 942 ## - ELEMENTOS DE ENTRADA SECUNDARIOS (KOHA) | |
| Fuente del sistema de clasificación o colocación | Clasificación decimal universal |
| Estatus retirado | Estado de pérdida | Fuente del sistema de clasificación o colocación | Estado de daño | No para préstamo | Biblioteca de origen | Biblioteca actual | Ubicación en estantería | Fecha de adquisición | Fuente de adquisición | Total de préstamos | Signatura topográfica completa | Código de barras | Visto por última vez | Precio de reemplazo | Tipo de ítem Koha |
|---|---|---|---|---|---|---|---|---|---|---|---|---|---|---|---|
| Clasificación decimal universal | Biblioteca del Ateneo de Madrid | Biblioteca del Ateneo de Madrid | Depósito 1 | 25/02/2022 | Donación | A-14895 | 1202851 | 23/02/2023 | 23/02/2023 | Libro impreso | |||||
| Clasificación decimal universal | Biblioteca del Ateneo de Madrid | Biblioteca del Ateneo de Madrid | Rotativo | 11/06/2024 | ROT 6/2/32 | 101228392 | 11/06/2024 | 11/06/2024 | Archivo de ordenador en CD-ROM, CD o disquete |
